[Event "Lausanne YM 4th"]
[Site "Lausanne"]
[Date "2003.09.18"]
[Round "1.2"]
[White "Kosteniuk, Alexandra"]
[Black "Mamedyarov, Shakhriyar"]
[Result "0-1"]
[WhiteElo "2457"]
[BlackElo "2585"]
[Annotator "Lukacs,P"]
[PlyCount "58"]
[EventDate "2003.09.17"]
[EventType "k.o."]
[EventRounds "3"]
[EventCountry "SUI"]
[SourceTitle "CBM 098"]
[Source "ChessBase"]
[SourceDate "2004.02.03"]
[SourceVersion "1"]
[SourceVersionDate "2004.02.03"]
[SourceQuality "1"]

1. e4 {[%mdl 4]} e5 2. Bc4 Nf6 3. d3 Nc6 4. Nf3 Bc5 5. c3 a6 6. O-O d6 7. Bb3
O-O 8. Re1 Ba7 9. Nbd2 Ng4 {If White wants to spare to the preventive h3 move
he has to reckon with the complications of the following line.} 10. Re2 Kh8 {
/\ f5} 11. h3 Nh6 $1 12. Nf1 {[%mdl 32768] This is the main line.} (12. g4 $6 {
- Crosa-Sorin/ American Continental 2003}) (12. Nc4 {Here the N is far from
the >>, which will be the main battlefield soon.} f5 13. Bg5 (13. Bxh6 gxh6 14.
exf5 Bxf5 15. Rd2 Qf6 16. Nh2 Ne7 17. Ne3 Bd7 18. Qh5 Qg5 19. Qxg5 hxg5 20. Nd5
Nxd5 21. Bxd5 c6 $15 {Van Mechelen-Winants/ BEL-ch 2001}) 13... Qe8 14. Bxh6
gxh6 {This exchange is usually good for Black, because he gets the ^^ and the
g <->.} 15. exf5 Bxf5 16. Nh4 Bd7 17. Rd2 Qe7 18. Qh5 Rf4 19. Nf3 Qf6 $15 {
Hund-Flear,C/ Thessaloniki olw 1988}) 12... f5 13. d4 $5 (13. Bxh6 gxh6 {
Black is happy to get rid of his passive N for the ^^.} 14. exf5 (14. N1h2 Qf6
15. Qd2 f4 {Now Black has threats against >< g2 and h3.} 16. Rd1 Qg6 17. Kh1
Qh5 18. d4 $13 {Modhiaki-Toh/ Singapore 1990}) (14. Ng3 fxe4 15. Rxe4 (15. Nxe4
Bxh3) 15... Qf6 $13) 14... Bxf5 15. Bd5 {- Chomet-Chabanon/ FRA-ch Meribel 1998
} (15. N1h2 $6 Qf6 16. Qd2 h5 (16... Rae8 $6 {This allows White to exchange
the vital light-squared B.} 17. Ng4 $1 (17. Kh1 Re7 18. a3 {White's play is
very passive.} (18. Bd5 $5) (18. Ng4 Bxg4 19. hxg4 Qf4 20. Qxf4 Rxf4 21. Rae1
$15) 18... Rg7 19. Rg1 h5 20. Ba2 (20. Bd5 Bd7 21. b4 Nd8 $17) 20... Bd7 21. b4
Ne7 22. d4 exd4 23. Nxd4 (23. cxd4 $6 Ng6 24. Re4 Nf4 $17 {Spragett-Adams/
France 2001}) 23... Nf5 24. Nhf3 Nxd4 25. Nxd4 c6 26. a4 d5 $17) 17... Bxg4 18.
hxg4 Re7 19. Rae1 Rg7 20. Re4 $13 {Adams}) 17. Rd1 {/\ d4 with a counterblow
in the [+].} Ne7 18. d4 Ng6 19. dxe5 dxe5 20. Qh6 Rae8 21. g3 h4 22. Ng5 Re7
$13 {Kovelavskay-Stefanova/ Varna 2002}) (15. Kh2 {Overprotecting >< h3, but
in vain, as we will see...} Ne7 16. Ng3 Bd7 17. d4 Ng6 18. dxe5 Bxh3 $1 19. Re4
$1 (19. Kxh3 $2 Rxf3 $1 $19) 19... Bd7 20. e6 Bc6 21. Bd5 Bxf2 22. Bxc6 bxc6
23. Qd2 d5 24. Rg4 Bxg3+ 25. Rxg3 Qf6 26. Qxh6 Nf4 27. Qxf6+ Rxf6 28. Re1 Nxe6
29. Nd4 $11 {Lanc-Smagin/ Trnava 1987})) (13. exf5 {helps only Black to finish
his development.} Nxf5 14. Bg5 Qd7 15. Qd2 h6 16. Nh4 Nxh4 17. Bxh4 g5 18. Bg3
Qg7 19. Rae1 Bd7 20. Kh1 Rae8 21. Bd5 b5 22. Nh2 Ne7 $13 {Hickl-Bischoff/ Bern
zt 1990}) (13. Bg5 Qe8 14. d4 {The opening of position helps for Black.} fxe4
15. Rxe4 Bf5 16. Rh4 Nf7 17. Be3 Qe7 18. Ng3 Bg6 19. Bc2 Bxc2 20. Qxc2 g6 21.
Ne4 exd4 22. Bg5 Nxg5 23. Nexg5 d3 $17 {Small-Hawelko/ Dubai ol 1986}) (13.
N1h2 {looks rather defensive.} Qf6 14. Be3 Bxe3 (14... fxe4 15. dxe4 Bxe3 16.
Rxe3 Ne7 17. Qf1 Ng6 18. g3 Bd7 19. Rd1 Nf7 20. Rd2 Rae8 21. Bd5 Bc8 $13 {
Luetke-Gyimesi/ Groningen op 1995}) 15. Rxe3 f4 16. Re1 g5 17. d4 g4 {1/2-1/2
Lyrberg,P-Almasi,Z/ Wch U16 Mamaia 1991 (17)}) 13... Qf6 (13... fxe4 14. Rxe4
Bf5 (14... d5 15. Bg5 (15. Re1 exd4 {is the dynamical reply.} (15... e4 16.
N3h2 (16. Bg5 Qd6 $15) (16. Ng5 Na5 17. f3 Nxb3 18. axb3 c5 19. fxe4 cxd4 20.
cxd4 dxe4 21. Be3 Qd5 22. Ng3 Nf5 23. Rf1 Bd7 24. Qh5 h6 25. Nxf5 Bxf5 $17 {
Frois-Izeta Txabarri/ San Sebastian op 1996}) 16... Nf5 $13) 16. Bxh6 gxh6 17.
cxd4 Bf5 {despite of his corrupted P structure Black has good tactical chances
on the semi-opened f and g lines and his ^^ is also active.} 18. Ng3 Bg6 (18...
Qd6 19. Nxf5 Rxf5) 19. Qd2 Qd6 20. Rad1 Rxf3 $1 {This positional exchange
sacrifice destroys White's >> and the [+].} 21. gxf3 Nxd4 22. Qc3 c5 23. Ne2
Qf6 $13) 15... dxe4 $3 {This brave positional Q sacrifice is Black's main idea.
} 16. Bxd8 Rxd8 17. Ng5 exd4 18. cxd4 Rxd4 19. Qe2 Bf5 20. Ng3 Bg6 21. N5xe4 (
21. Kh1 Re8 22. Rf1 {1/2-1/2 Psakhis-Hector/ Palma de Mallorca 1989 (22)})
21... Re8 22. Re1 Rdxe4 23. Nxe4 Rxe4 24. Qxe4 Bxe4 25. Rxe4 g6 26. Bd5 $1 Bb6
27. g4 $1 Kg7 28. Re8 $1 Nf7 29. Kg2 {Gipslis-Hector/ GER 1998} Nd6 30. Rg8+
Kf6 31. f4 h6 $1 $13 {Gipslis}) (14... Qf6 15. Ng3 Nf5 16. Nh5 Qg6 17. Nh4 Nxh4
18. Rxh4 exd4 19. Nf4 Qe8 20. Qh5 Bf5 21. Bd2 Qxh5 22. Nxh5 d3 $17 {
Nielsen-Brinck Claussen/ Lyngby op 1989}) 15. Rh4 (15. Re1 exd4 $1 {It is
advisable for Black to open the position for his active pieces.} (15... e4 16.
Ng5 (16. Bg5 Qd7 17. Nh4 d5 18. Bxh6 gxh6 19. Qh5 Ne7 20. Qxh6 Ng6 21. Ne3 Nxh4
22. Qxh4 c6 {/\ Bc7 with pressure on the f- and g-lines for the P.} 23. Bd1 Qg7
24. Bg4 Bg6 $44 {Frois-Shomoev/ Capella Grande 2003}) 16... d5 17. f3 exf3 18.
Nxf3 $14 {and the B on a7 is out of play.}) 16. cxd4 Qf6 17. Bg5 Qg6 18. Qd2
Nf7 19. Bf4 Bxh3 $1 (19... h6 $2 20. Ng3 Qf6 21. Nxf5 Qxf5 22. Bc2 Qf6 23. Qd3
$16 {Hawelko-Lukacs/ Rubinstein mem 1984}) 20. Ng3 Bg4 21. Bc2 Qf6 22. Ne4 Qd8
23. Bg5 Qc8 $17 {Song Daoxin-Lin Ta/ PRC-tch 1987}) 15... d5 $5 (15... e4 $6
16. Bg5 $1 (16. Ng5 $6 d5 {/\ Ne7}) 16... Qe8 17. N3d2 Qg6 18. Bxh6 gxh6 19.
Ne3 {and White has created a successful blockade on e3.} Ne7 20. Qh5 (20. Nxf5)
20... Qxh5 21. Rxh5 Bg6 22. Rh4 (22. Rxh6 $6 {is too greedy!} c5 23. dxc5 (23.
d5 c4 24. Ndxc4 Nf5 25. Nxf5 Rxf5 26. Ne3 Rf4 $17) 23... Bxc5 24. Rh4 d5 $44)
22... c5 {Black has to open up the position at any rate.} 23. Nxe4 $142 (23.
dxc5 $6 {helps only for Black in view of} d5 $1 {/\ Bxc5}) (23. d5 $6 {is met
by the positional P sacrifice} c4 $1 {in order to open up the dangerous g1-a7 /
^.} 24. Bxc4 (24. Ndxc4 Nxd5 25. Rd1 Nxe3 26. Nxe3 Rf6 $15 {/\ R af8}) 24...
Nf5 25. Nxf5 Bxf5 26. Nxe4 $1 (26. Nf1 Bg6 27. Ne3 Bb6 $1 28. Rxh6 Rf4 29. Rf1
$2 Raf8 30. Rxg6 hxg6 $17 {Minasian-Peng Xiaomin/ Luzern 1993}) 26... Bxe4 27.
Rxe4 Rxf2 28. Kh1 Rg8 $11) 23... cxd4 24. cxd4 Bxd4 25. Nxd6 Bxb2 26. Rd1 b5
$14) 16. Ng3 (16. Bxh6 gxh6 17. Rxh6 Be4 $44 {and Black has a fine
compensation for the P because of his strong ^^ and the semi-opened f- and
g-lines.}) 16... e4 17. Ng5 (17. Bg5 $6 Qd6 18. Nd2 Bg6 {/\ Nd8-e6, c5}) 17...
Ne7 18. Be3 Qd7 19. Qd2 Bg6 20. Bd1 Nef5 21. Nxf5 Nxf5 22. Bg4 Qe7 23. Bxf5
Rxf5 $15 {Jaracz-Wiliczkiewicz/ Lubniewice POL-chT 1994}) (13... f4 $5 14. dxe5
Nxe5 15. Nxe5 dxe5 16. Qxd8 Rxd8 17. Nh2 Re8 18. Nf3 Be6 19. Bc2 Nf7 20. b3 g5
$132 {Dobrovolsky-Kachiani Gersinska/ Mitropa Cup 1995}) 14. Bg5 $2 {The B
remains only vulnerable here.} (14. dxe5 dxe5 (14... Nxe5 {In most of the
cases it is advisable for Black to exchange the c6N.} 15. Nxe5 dxe5 (15... Qxe5
$6 16. exf5 Qxf5 17. Be3 {neutralizing the pressure against >< f2.} Bxe3 18.
Nxe3 Qg5 19. Qd5 Qf6 20. Rd1 Ng8 21. Bc2 g6 (21... Ne7 22. Qc4 c6 23. Qd3 $16)
22. Qc4 c6 23. Qb4 d5 24. c4 $16 {Ehlvest-Salov/ Rotterdam 1989}) 16. Be3 f4
17. Bxa7 Rxa7 18. f3 a5 19. Qe1 Nf7 20. Rd2 Ng5 21. Nh2 Ra6 22. Rad1 Qe7 $40 {
Stefanov-Kolev/ BUL-ch Sofia 1992}) 15. Be3 f4 $13 {- Reefat-Aleksandrov/
Istanbul 2000}) 14... Qg6 {This is the best place for the Q anyway.} 15. exf5 (
15. Bxh6 {is met by the zwischenzug} fxe4 $1 $17) 15... Bxf5 {Now Black's
pieces are well-developed and active.} 16. Qd2 (16. dxe5 Nxe5 17. Nxe5 Qxg5 18.
Nf3 Qf6 $15 {and Black's ^^ is extremely effective.}) 16... Nf7 17. Ng3 (17.
Bxf7 Qxf7 18. dxe5 Bxh3 19. N1h2 Be6 $15 {leaves White again without the ^^.})
17... exd4 18. Bf4 $2 {Now Black gets a clear advantage.} (18. Nxf5 Nxg5 19.
Qxg5 Qxf5 20. Qxf5 Rxf5 $15 {and although Black is a P up, the ^- may give
some drawing chances in the _|_.}) 18... d3 $1 19. Ree1 Bd7 20. Bd5 Nfe5 21.
Be3 $2 {This is the decisive mistake.} (21. Nxe5 Nxe5 $17) (21. Rad1 Nxf3+ 22.
Bxf3 Qf7 23. Bxc6 Bxc6 24. Be3 Bxe3 25. Rxe3 Qxa2 26. Rxd3 Rae8 $17) 21...
Nxf3+ 22. Bxf3 Rxf3 $1 $19 {This typical blow destroys White's >> defence
completely.} 23. gxf3 Ne5 24. Qd1 d2 25. Re2 Nxf3+ 26. Kg2 Rf8 27. Bxd2 Bc6 28.
Be3 Qe6 29. Qc1 Nd4+ 0-1

[Event "Lausanne YM 4th"]
[Site "Lausanne"]
[Date "2003.09.19"]
[Round "2.1"]
[White "Kosteniuk, Alexandra"]
[Black "Paehtz, Elisabeth"]
[Result "1-0"]
[WhiteElo "2457"]
[BlackElo "2417"]
[PlyCount "91"]
[EventDate "2003.09.17"]
[EventType "k.o."]
[EventRounds "3"]
[EventCountry "SUI"]
[SourceTitle "CBM 098"]
[Source "ChessBase"]
[SourceDate "2004.02.03"]
[SourceVersion "1"]
[SourceVersionDate "2004.02.03"]
[SourceQuality "1"]

1. d4 Nf6 2. c4 d6 3. Nc3 Nbd7 4. Nf3 g6 5. e4 Bg7 6. Be2 O-O 7. O-O e5 8. Qc2
c6 9. Rd1 Qe7 10. d5 c5 11. Be3 Ne8 12. Bd3 Nb8 13. a3 f5 14. b4 f4 15. Bd2 Na6
16. bxc5 Nxc5 17. Be1 Bd7 18. Be2 g5 19. Nd2 g4 20. f3 h5 21. Nb3 Nxb3 22. Qxb3
b6 23. a4 gxf3 24. Bxf3 Bg4 25. a5 Rc8 26. axb6 axb6 27. Nb5 Qg5 28. Rdc1 Rf7
29. Bf2 Rb8 30. Kf1 Bf8 31. h3 Nf6 32. hxg4 hxg4 33. Ke2 Rh7 34. Rh1 gxf3+ 35.
gxf3 Nh5 36. Rh4 Ng3+ 37. Bxg3 Rxh4 38. Bxh4 Qxh4 39. Qd1 Rb7 40. Qh1 Qxh1 41.
Rxh1 Be7 42. Ra1 Rd7 43. Ra8+ Kf7 44. Rc8 Bd8 45. Rc6 Ke7 46. Kd3 1-0

[Event "Lausanne YM 4th"]
[Site "Lausanne"]
[Date "2003.09.22"]
[Round "3.2"]
[White "Kosteniuk, Alexandra"]
[Black "Karjakin, Sergey"]
[Result "1/2-1/2"]
[WhiteElo "2457"]
[BlackElo "2560"]
[PlyCount "91"]
[EventDate "2003.09.17"]
[EventType "k.o."]
[EventRounds "3"]
[EventCountry "SUI"]
[SourceTitle "CBM 098"]
[Source "ChessBase"]
[SourceDate "2004.02.03"]
[SourceVersion "1"]
[SourceVersionDate "2004.02.03"]
[SourceQuality "1"]

1. e4 c5 2. Nf3 d6 3. d4 cxd4 4. Nxd4 Nf6 5. Nc3 a6 6. Bg5 e6 7. f4 Qb6 8. Qd2
Nc6 9. Nb3 Ng4 10. Bh4 Be7 11. Bg3 Qe3+ 12. Be2 Qxd2+ 13. Kxd2 Nf6 14. Bf3 h5
15. Rad1 h4 16. Bf2 g5 17. fxg5 Nd7 18. Ke2 Nde5 19. Nd4 Bd7 20. Be3 Rc8 21.
Nxc6 Bxc6 22. Kf2 Rg8 23. Ne2 Bxg5 24. Bxg5 Rxg5 25. h3 Ke7 26. b3 b5 27. Rd2
Rgg8 28. Rhd1 Rgd8 29. Nf4 Ba8 30. Re1 Rc3 31. Ne2 Rc5 32. c3 Nd7 33. Rd4 Nf6
34. a4 e5 35. Rb4 Bc6 36. axb5 Bxb5 37. c4 Bc6 38. Nc3 Nd7 39. Nd5+ Kf8 40. Nb6
a5 41. Nxd7+ Bxd7 42. Rb6 a4 43. bxa4 Bxa4 44. Be2 Bc6 45. Ke3 Ra8 46. Rb3
1/2-1/2

[Event "EU-Cup (Women) 08th"]
[Site "Rethymno"]
[Date "2003.09.28"]
[Round "1.2"]
[White "Kosteniuk, Alexandra"]
[Black "Zimina, Olga"]
[Result "1-0"]
[WhiteElo "2457"]
[BlackElo "2367"]
[PlyCount "81"]
[EventDate "2003.09.28"]
[EventType "team-swiss"]
[EventRounds "7"]
[EventCountry "GRE"]
[SourceTitle "EXT 2013"]
[Source "ChessBase"]
[SourceDate "2012.11.22"]
[SourceVersion "1"]
[SourceVersionDate "2012.11.22"]
[SourceQuality "1"]
[WhiteTeam "Podgorica Internet (W)"]
[BlackTeam "St Petersburg (W)"]
[WhiteTeamCountry "SRB"]
[BlackTeamCountry "RUS"]

1. d4 d5 2. c4 c6 3. Nf3 Nf6 4. Nc3 a6 5. c5 Nbd7 6. h3 g6 7. Bf4 Bg7 8. e3 O-O
9. Be2 b6 10. cxb6 Qxb6 11. O-O Bb7 12. Qc2 Rac8 13. b4 a5 14. a3 Ba6 15. Na4
Qa7 16. Bxa6 Qxa6 17. Nc5 Qa7 18. Ne5 Nxe5 19. Bxe5 Ne8 20. Bxg7 Nxg7 21. Qa4
Rc7 22. bxa5 Ra8 23. Rfb1 Ne6 24. Rb6 Nf8 25. Ra6 Qb8 26. Rxa8 Qxa8 27. Rb1 Nd7
28. a6 Nxc5 29. dxc5 Ra7 30. Rb6 Rc7 31. h4 h5 32. Qb4 Rc8 33. Qa4 Rc7 34. Qf4
Rc8 35. g4 hxg4 36. Qxg4 Kg7 37. Qd7 Rh8 38. a7 g5 39. Qxe7 gxh4 40. Qg5+ Kh7
41. Rb4 1-0

[Event "EU-Cup (Women) 08th"]
[Site "Rethymno"]
[Date "2003.09.29"]
[Round "2.2"]
[White "Gretarsdottir, Gudfridur Lija"]
[Black "Kosteniuk, Alexandra"]
[Result "0-1"]
[WhiteElo "2058"]
[BlackElo "2457"]
[PlyCount "75"]
[EventDate "2003.09.28"]
[EventType "team-swiss"]
[EventRounds "7"]
[EventCountry "GRE"]
[SourceTitle "EXT 2013"]
[Source "ChessBase"]
[SourceDate "2012.11.22"]
[SourceVersion "1"]
[SourceVersionDate "2012.11.22"]
[SourceQuality "1"]
[WhiteTeam "Reykjavik Hellir (W)"]
[BlackTeam "Podgorica Internet (W)"]
[WhiteTeamCountry "ISL"]
[BlackTeamCountry "SRB"]

1. c4 Nf6 2. g3 e5 3. Bg2 Nc6 4. Nc3 Bc5 5. e3 d5 6. Nxd5 Nxd5 7. cxd5 Nb4 8.
Qb3 c6 9. Ne2 O-O 10. d4 exd4 11. exd4 Bf5 12. O-O Be7 13. dxc6 bxc6 14. Bf4
Bd3 15. Rfe1 Ba6 16. a3 Nd3 17. Red1 g5 18. Be5 Qb6 19. Rxd3 Bxd3 20. Qxd3 f6
21. Qc4+ Kh8 22. Bc7 Qxc7 23. d5 Rab8 24. Nd4 Rxb2 25. dxc6 Qb6 26. Rd1 Bc5 27.
Ne6 Bxa3 28. Rf1 Rc8 29. Be4 Rd2 30. Qc3 Qb2 31. Qxb2 Bxb2 32. c7 Be5 33. Bb7
Rxc7 34. Nxc7 Bxc7 35. Be4 Bb6 36. Kg2 Kg7 37. h4 g4 38. h5 0-1

[Event "EU-Cup (Women) 08th"]
[Site "Rethymno"]
[Date "2003.10.02"]
[Round "5.2"]
[White "Kosteniuk, Alexandra"]
[Black "Kryukova, Irina"]
[Result "1/2-1/2"]
[WhiteElo "2457"]
[BlackElo "2317"]
[PlyCount "77"]
[EventDate "2003.09.28"]
[EventType "team-swiss"]
[EventRounds "7"]
[EventCountry "GRE"]
[SourceTitle "EXT 2013"]
[Source "ChessBase"]
[SourceDate "2012.11.22"]
[SourceVersion "1"]
[SourceVersionDate "2012.11.22"]
[SourceQuality "1"]
[WhiteTeam "Podgorica Internet (W)"]
[BlackTeam "Tomsk 400 (W)"]
[WhiteTeamCountry "SRB"]
[BlackTeamCountry "RUS"]

1. e4 e5 2. Nf3 Nc6 3. Bb5 f5 4. Nc3 fxe4 5. Nxe4 d5 6. Nxe5 dxe4 7. Nxc6 Qg5
8. Qe2 Nf6 9. f4 Qxf4 10. Nxa7+ Bd7 11. Bxd7+ Kxd7 12. Qb5+ Ke6 13. Qxb7 Bd6
14. Qb3+ Ke7 15. Nc6+ Kd7 16. Nd4 Kc8 17. Qe6+ Kb7 18. g3 Qg5 19. Nf5 Ra6 20.
Qb3+ Rb6 21. Nxd6+ cxd6 22. Qe3 Qf5 23. Qf2 Qh3 24. b3 Rc8 25. c4 d5 26. c5 e3
27. dxe3 Rxc5 28. Ba3 Rc8 29. Qf1 Qe6 30. Qf3 Qh3 31. Bb2 Ne4 32. Qf1 Qh5 33.
Qd3 Rbc6 34. Rd1 Nxg3 35. Rg1 Qxh2 36. Qb5+ Ka8 37. Qa5+ Kb7 38. Qb5+ Ka8 39.
Qa5+ 1/2-1/2

[Event "EU-Cup (Women) 08th"]
[Site "Rethymno"]
[Date "2003.10.04"]
[Round "7.2"]
[White "Prudnikova, Svetlana"]
[Black "Kosteniuk, Alexandra"]
[Result "0-1"]
[WhiteElo "2412"]
[BlackElo "2457"]
[PlyCount "120"]
[EventDate "2003.09.28"]
[EventType "team-swiss"]
[EventRounds "7"]
[EventCountry "GRE"]
[SourceTitle "EXT 2013"]
[Source "ChessBase"]
[SourceDate "2012.11.22"]
[SourceVersion "1"]
[SourceVersionDate "2012.11.22"]
[SourceQuality "1"]
[WhiteTeam "Belgrade BAS (W)"]
[BlackTeam "Podgorica Internet (W)"]
[WhiteTeamCountry "SRB"]
[BlackTeamCountry "SRB"]

1. Nf3 d5 2. d4 Nf6 3. c4 e6 4. g3 dxc4 5. Qa4+ c6 6. Qxc4 b5 7. Qc2 Bb7 8. Bg2
Nbd7 9. Bg5 Qb6 10. a4 a6 11. O-O c5 12. dxc5 Bxc5 13. a5 Qa7 14. Nc3 Rc8 15.
Bxf6 Nxf6 16. e3 O-O 17. Qb3 Rfd8 18. Ne1 Ng4 19. Bxb7 Qxb7 20. Ng2 Rd2 21.
Rad1 Bxe3 22. Rxd2 Bxd2 23. Rd1 Ne5 24. Kf1 Nf3 25. h4 h5 26. Qb4 Rc4 27. Qd6
Rd4 28. Qb6 Qxb6 29. axb6 Bxc3 30. Rc1 Bb4 31. b7 Bd6 32. Rc6 Be5 33. Ke2 Rd7
34. Kxf3 Rxb7 35. Rxa6 Bxb2 36. Nf4 g6 37. Nd3 Bd4 38. Ke4 Bf6 39. f4 b4 40.
Nc5 Rc7 41. Ra5 Be7 42. Nd3 Rb7 43. Ra1 b3 44. Rb1 Ba3 45. Ne5 b2 46. Nc4 Rb4
47. Kd4 Rb3 48. Nxa3 Rxa3 49. Rxb2 Rxg3 50. Rh2 Kg7 51. Ke4 Kf6 52. Rh1 Rg4 53.
Rh2 e5 54. Kf3 Rxf4+ 55. Kg3 Kf5 56. Ra2 Rg4+ 57. Kh3 e4 58. Rf2+ Rf4 59. Re2
Rf3+ 60. Kg2 Ke5 0-1

[Event "EU-chT (Women) 5th"]
[Site "Plovdiv"]
[Date "2003.10.11"]
[Round "1"]
[White "Agababean, Naira"]
[Black "Kosteniuk, Alexandra"]
[Result "0-1"]
[WhiteElo "2252"]
[BlackElo "2451"]
[PlyCount "102"]
[EventDate "2003.10.10"]
[EventType "team-swiss"]
[EventRounds "9"]
[EventCountry "BUL"]
[SourceTitle "EXT 2020"]
[Source "ChessBase"]
[SourceDate "2019.10.17"]
[SourceVersion "1"]
[SourceVersionDate "2019.10.17"]
[SourceQuality "1"]
[WhiteTeam "Moldova (W)"]
[BlackTeam "Russia (W)"]
[WhiteTeamCountry "MDA"]
[BlackTeamCountry "RUS"]

1. d4 d5 2. Nf3 Nf6 3. c4 e6 4. Nc3 dxc4 5. e3 a6 6. Bxc4 b5 7. Bb3 Bb7 8. O-O
Nbd7 9. Qe2 c5 10. Rd1 Qb8 11. h3 Bd6 12. Bc2 O-O 13. Bd2 Qa7 14. Be1 Rfd8 15.
a4 b4 16. Nb1 Rac8 17. Bd3 Qa8 18. Nbd2 cxd4 19. exd4 Nb6 20. Nc4 Nxc4 21. Bxc4
Nh5 22. Bd2 Nf4 23. Bxf4 Bxf4 24. Ne1 Qa7 25. b3 Rxd4 26. Rxd4 Qxd4 27. Rd1 Qb6
28. Rd7 Re8 29. Kf1 g6 30. h4 h5 31. Nf3 a5 32. Qd1 Bc6 33. Rd3 Qc7 34. g3 Bh6
35. Nd4 Be4 36. Nxe6 Bxd3+ 37. Qxd3 Qc6 38. Bd5 Qc3 39. Qb5 Rxe6 40. Bxe6 fxe6
41. Qe8+ Kh7 42. Qxe6 Bg7 43. Kg2 Qe5 44. Qc4 Qf5 45. f3 Qd7 46. f4 Qb7+ 47.
Kf2 Qh1 48. Qf7 Kh6 49. Qc4 Qh2+ 50. Kf3 Qd2 51. f5 Qc3+ 0-1

[Event "EU-chT (Women) 5th"]
[Site "Plovdiv"]
[Date "2003.10.14"]
[Round "4"]
[White "Kosteniuk, Alexandra"]
[Black "Voiska, Margarita"]
[Result "1-0"]
[WhiteElo "2451"]
[BlackElo "2368"]
[PlyCount "95"]
[EventDate "2003.10.10"]
[EventType "team-swiss"]
[EventRounds "9"]
[EventCountry "BUL"]
[SourceTitle "EXT 2020"]
[Source "ChessBase"]
[SourceDate "2019.10.17"]
[SourceVersion "1"]
[SourceVersionDate "2019.10.17"]
[SourceQuality "1"]
[WhiteTeam "Russia (W)"]
[BlackTeam "Bulgaria (W)"]
[WhiteTeamCountry "RUS"]
[BlackTeamCountry "BUL"]

1. e4 d6 2. d4 Nf6 3. Nc3 g6 4. f4 Bg7 5. Nf3 c5 6. Bb5+ Bd7 7. e5 Ng4 8. e6
fxe6 9. Ng5 Bxb5 10. Nxb5 Qa5+ 11. c3 Qxb5 12. Qxg4 cxd4 13. Nxe6 Qc4 14. Nxg7+
Kf7 15. f5 Kxg7 16. Qh4 Nc6 17. Bh6+ Kf7 18. Rf1 Ke8 19. f6 Kd7 20. f7 Rhf8 21.
Qh3+ Qe6+ 22. Qxe6+ Kxe6 23. Bxf8 Rxf8 24. cxd4 Nxd4 25. O-O-O Nc6 26. Rd3 Rxf7
27. Re3+ Ne5 28. Rxf7 Kxf7 29. Rb3 b6 30. Rc3 Ke6 31. Ra3 a5 32. Rb3 Nd7 33. g4
Kf6 34. Rf3+ Kg7 35. a3 h6 36. Kc2 Ne5 37. Rb3 Nd7 38. Rc3 Kf6 39. Rf3+ Kg5 40.
Rf7 Kxg4 41. Rxe7 Ne5 42. Re6 h5 43. Rxd6 g5 44. Rxb6 Nf3 45. b4 axb4 46. a4
Kh3 47. a5 Nd4+ 48. Kb2 1-0

[Event "EU-chT (Women) 5th"]
[Site "Plovdiv"]
[Date "2003.10.15"]
[Round "5"]
[White "Houska, Jovanka"]
[Black "Kosteniuk, Alexandra"]
[Result "0-1"]
[WhiteElo "2358"]
[BlackElo "2451"]
[PlyCount "62"]
[EventDate "2003.10.10"]
[EventType "team-swiss"]
[EventRounds "9"]
[EventCountry "BUL"]
[SourceTitle "EXT 2020"]
[Source "ChessBase"]
[SourceDate "2019.10.17"]
[SourceVersion "1"]
[SourceVersionDate "2019.10.17"]
[SourceQuality "1"]
[WhiteTeam "England (W)"]
[BlackTeam "Russia (W)"]
[WhiteTeamCountry "ENG"]
[BlackTeamCountry "RUS"]

1. e4 c5 2. Nc3 e6 3. f4 Nc6 4. Nf3 d5 5. Bb5 Nge7 6. d3 a6 7. Bxc6+ Nxc6 8.
O-O Be7 9. Qe1 O-O 10. Bd2 b5 11. Nd1 Bb7 12. Ne3 dxe4 13. dxe4 Nd4 14. Nxd4
Qxd4 15. e5 c4 16. Bc3 Qe4 17. Qg3 Bc5 18. Rae1 b4 19. Bd2 f5 20. Kh1 Rfd8 21.
Rf2 Qc6 22. Rfe2 Be7 23. c3 a5 24. Nc2 Rd3 25. Qf2 Qa4 26. Nd4 Bd5 27. Re3 Qxa2
28. Rxd3 cxd3 29. cxb4 Qxb2 30. Nb5 Bxb4 31. Nc7 Qxd2 0-1

[Event "EU-chT (Women) 5th"]
[Site "Plovdiv"]
[Date "2003.10.17"]
[Round "6"]
[White "Kosteniuk, Alexandra"]
[Black "Mkrtchian, Lilit"]
[Result "1/2-1/2"]
[WhiteElo "2451"]
[BlackElo "2413"]
[PlyCount "149"]
[EventDate "2003.10.10"]
[EventType "team-swiss"]
[EventRounds "9"]
[EventCountry "BUL"]
[SourceTitle "EXT 2020"]
[Source "ChessBase"]
[SourceDate "2019.10.17"]
[SourceVersion "1"]
[SourceVersionDate "2019.10.17"]
[SourceQuality "1"]
[WhiteTeam "Russia (W)"]
[BlackTeam "Armenia (W)"]
[WhiteTeamCountry "RUS"]
[BlackTeamCountry "ARM"]

1. e4 e6 2. d4 d5 3. Nd2 c5 4. exd5 exd5 5. Bb5+ Nc6 6. Ngf3 Bd6 7. dxc5 Bxc5
8. O-O Nge7 9. Nb3 Bd6 10. Re1 O-O 11. Bd3 h6 12. h3 Nf5 13. c3 Qf6 14. Bc2 Rd8
15. Qd3 g6 16. Qd2 Bf8 17. Qe2 Bg7 18. Bxf5 Bxf5 19. Be3 Be4 20. Nfd4 Ne5 21.
Rad1 Nc4 22. Bc1 Rac8 23. Nd2 Nd6 24. Nxe4 dxe4 25. Nb5 Nxb5 26. Rxd8+ Rxd8 27.
Qxb5 Qc6 28. Qa5 Qb6 29. Qxb6 axb6 30. f3 exf3 31. gxf3 f5 32. Be3 b5 33. Bc5
Bf8 34. Bxf8 Kxf8 35. Re6 Rd1+ 36. Kf2 Rd2+ 37. Ke3 Rxb2 38. Rxg6 Rxa2 39. Rxh6
Ra3 40. Rb6 Rxc3+ 41. Kf4 Rc4+ 42. Kg5 Rc3 43. Rf6+ Kg8 44. Rxf5 b4 45. Kg4 Rc1
46. Rb5 Rb1 47. f4 b3 48. Kf5 b2 49. Rxb7 Rh1 50. Rxb2 Rxh3 51. Kg6 Rg3+ 52.
Kf6 Rf3 53. Rb8+ Kh7 54. f5 Rf1 55. Re8 Rf2 56. Re5 Kg8 57. Rd5 Rf1 58. Rd8+
Kh7 59. Ke6 Kg7 60. Rd7+ Kg8 61. Kf6 Rf2 62. Rg7+ Kf8 63. Rc7 Kg8 64. Rc8+ Kh7
65. Ke6 Kg7 66. Rc7+ Kg8 67. Rc4 Re2+ 68. Kf6 Rf2 69. Rg4+ Kf8 70. Kg6 Kg8 71.
Rd4 Rg2+ 72. Kf6 Rf2 73. Rd5 Rf1 74. Re5 Kf8 75. Rd5 1/2-1/2